Drużyny w NHL - Statystyki

Ogólne statystyki
  • Ten quiz został rozwiązany 557 razy
    306 od ostatniego zresetowania
  • Średni wynik to 21 z 32
Statystyki odpowiedzi
Drużyna % Poprawnych
Boston Bruins
88%
New York Rangers
82%
New York Islanders
79%
Toronto Maple Leafs
79%
Edmonton Oilers
76%
Los Angeles Kings
74%
Chicago Blackhawks
71%
Florida Panthers
71%
New Jersey Devils
71%
Ottawa Senators
71%
San Jose Sharks
69%
Detroit Red Wings
68%
Washington Capitals
68%
Dallas Stars
65%
Montreal Canadiens
65%
Vancouver Canucks
65%
Winnipeg Jets
65%
Calgary Flames
61%
Seattle Kraken
61%
Anaheim Ducks
60%
Colorado Avalanche
60%
Pittsburgh Penguins
60%
Minnesota Wild
59%
Philadelphia Flyers
58%
Tampa Bay Lightning
58%
Buffalo Sabres
55%
Carolina Hurricanes
54%
Vegas Golden Knights
54%
Nashville Predators
52%
Columbus Blue Jackets
48%
St. Louis Blues
48%
Utah Hockey Club
43%
Nie znaleziono quizów pasujących do podanych kryteriów
Rozkład punktacji
Procent ludzi z każdym wynikiem
Percentyl według liczby udzielonych odpowiedzi
Twoja historia wyników
Nie rozwiązałeś tego quizu od ostatniego zresetowania